LIBRARY & INFORMATION CENTRE, KCAET, TAVANUR

ONLINE PUBLIC ACCESS CATALOGUE (OPAC)

Identification of a mechanism for mechanical deseeding of tamarind (Record no. 15035)

MARC details
000 -LEADER
fixed length control field 00692nam a22001817a 4500
003 - CONTROL NUMBER IDENTIFIER
control field OSt
088 ## - REPORT NUMBER
Report number P 332
100 ## - MAIN ENTRY--AUTHOR NAME
Personal name ANAGHA BALAN
-- ARATHY KRISHNAN
-- JOSNA K
-- LIBINA STEPHEN
245 ## - TITLE STATEMENT
Title Identification of a mechanism for mechanical deseeding of tamarind
260 ## - PUBLICATION, DISTRIBUTION, ETC. (IMPRINT)
Place of publication Tavanur 2016
Name of publisher DEPARTMENT OF FARM POWER MACHINERY AND ENERGY
300 ## - PHYSICAL DESCRIPTION
Number of Pages 55
500 ## - GENERAL NOTE
General note Identification of a mechanism for mechanical deseeding of tamarind
520 ## - SUMMARY, ETC.
Summary, etc Identification of a mechanism for mechanical deseeding of tamarind
700 ## - ADDED ENTRY--PERSONAL NAME
Personal name Er. Shivaji K. P (Guide)
856 ## - ELECTRONIC LOCATION AND ACCESS
Uniform Resource Identifier https://drive.google.com/open?id=1OPMCMmwMH6SOgJFrTnrPixlscDdAKuAf
942 ## - ADDED ENTRY ELEMENTS (KOHA)
Koha item type Project Report
Holdings
Collection code Home library Current library Shelving location Full call number Accession Number Koha item type
Reference KAUAET KAUAET Reference 631.3 ANA/ID P 332 Project Report
free website counter